Jack and the beanstalk

Bibliographic Details
Main Author: Hunia, Fran
Format: Book
Published: Loughborough : Ladybird Books , 19-
Series:Read it yourself
Subjects:

MARC

LEADER 00000cam a2200000 7i4500
001 0000008193
002 000008935
005 20000330.0
020 |a 0721404731 
090 0 0 |a JF   |b HUN 
100 1 |a Hunia, Fran 
245 1 0 |a Jack and the beanstalk   |c Fran Hunia 
260 |a Loughborough :   |b Ladybird Books ,   |c 19- 
300 |a 49p. :   |b ill ;   |c 17cm. 
490 0 |a Read it yourself 
650 0 0 |a Children's stories 
999 |a 0011895   |b BUKU   |c PINJAMAN   |e PERPUSTAKAAN KOMUNITI PETALING JAYA 
999 |a 052262   |b BUKU   |c PINJAMAN   |e PERPUSTAKAAN KOMUNITI PETALING JAYA 
999 |a 052263   |b BUKU   |c PINJAMAN   |e PERPUSTAKAAN KOMUNITI PETALING JAYA